00610nam a2200193Ia 4500008004100000020001300041082001600054100002100070245004300091250000800134260003400142300002800176500001900204600002700223650001500250942000700265952012900272999001500401240925s9999 xx 000 0 und d a71159975 a621.392 HAY aHayes ,John . P 0aComputer Architecture and Organization a3rd aBoston:bMC Graw-Hillc,1998. axiv,604p.bNAfOriginal aIncludes Index aEngineering Technology aTechnology cBK 001040708ETaUITUbUITUd2001-08-23eFair Book Centerg390.00l0o621.392 HAYpQ3885r2024-09-25 07:13:19w2024-09-25yBK c6384d6384